000 01226cam a2200289 4500
008 090401t1994 xxu||||| |||| 00| 0 eng d
020 _a094776397X
035 _a(Sirsi) u89243
041 _aeng
050 _a346.41032
_c18
100 _aMurrells, Paul
245 _aProfessional liability and indemnity
_ba CPD study pack.
250 _a2nd ed.
260 _aReading
_bCollege of Estate Management
_c1994
300 _av, 38p.
_bill.
_c30cm.
350 _a26.44
490 _aCollege of Estate Management CPD Study Pack
520 _aConsiders the basic legal principles involved where professional liability and indemnity are concerned. It presents an up to date review of the state of the law and the type and extent of liability, professional standards, the effectiveness of disclaimers, the danger areas for professional and contractual argument, and matters of insurance and vicarious liability.
520 _aDoes not include an Owlion Audio Tape.
650 _aLIABILITY
650 _aNEGLIGENCE
650 _aPROFESSIONAL INDEMNITY INSURANCE
690 _aMANAGEMENT-BUSINESS MANAGEMENT-PROFESSIONAL PRACTICE
710 _aCollege of Estate Management
_9400
942 _n0
948 _c23/10/1998
999 _c97437
_d97437